| 000 | 00543cam a2200169 a 4500 | ||
|---|---|---|---|
| 001 | 000017562 | ||
| 005 | 20200929165143.0 | ||
| 008 | 790723s1978 cr 000 f spa d | ||
| 040 |
_aDO-SdBNP _bspa _cBNPHU _dBNPHU |
||
| 082 |
_aCa863.44 _bE43c |
||
| 100 | 1 |
_aElizondo Arce, Hernan. _d1921- _938321 |
|
| 245 | 1 | 3 |
_aLa ciudad y la sombra : _bnovela / _cHernan Elizondo Arce. |
| 260 |
_aSan José : _bCosta Rica, _c1978. |
||
| 300 |
_a104 p. ; _c18 cm. |
||
| 650 | 4 |
_aNovela costarricense _911840 |
|
| 650 | 4 |
_aLiteratura costarricense _ySIGLO XX _922789 |
|
| 999 |
_c17087 _d17087 |
||